000
00268nam a22001337a 4500
008
180919b xxu||||| |||| 00| 0 eng d
041
_a
eng
080
_a
7
082
_a
7
100
_a
44
101
_a
ART
245
_a
The Taj Mahal
_c
Carroll,D
942
_2
udc
_c
BK
999
_c
47978
_d
47978